| 000 | 00529nam a2200193Ia 4500 | ||
|---|---|---|---|
| 003 | OSt | ||
| 005 | 20260128100906.0 | ||
| 008 | 250729s2005 xx 000 0 und d | ||
| 040 | _cAL | ||
| 041 | _akan | ||
| 082 | _a301 SHAS | ||
| 100 |
_aಶಂಕರ್ ರಾವ್ ಚ ನ _9228003 |
||
| 245 | _aಸಾಮಾಜಿಕ ಸಂಶೋಧನೆಯ ಕೈಪಿಡಿ | ||
| 260 |
_aಮಂಗಳೂರು _c2005 |
||
| 300 | _a272p | ||
| 650 |
_aSociology _9228004 |
||
| 700 |
_aಶಂo Digumurthi _9228005 |
||
| 942 |
_2ddc _cBED |
||
| 999 |
_c237848 _d237848 |
||